000 00406nam a2200181Ia 4500
008 090123s9999 xx 000 0 und d
082 _b16591
100 _aY PERELMAN
245 _aPHYSICS CAN BE FUN
250 _a0
260 _bMIR PUBLISHERS
300 _a430
600 _aY PERELMAN
630 _aPHYSICS CAN BE FUN
700 _aY PERELMAN
730 _aPHYSICS CAN BE FUN
942 _cBOOK
999 _c54655
_d54655